000 00264nam a22001217a 4500
008 170503b xxu||||| |||| 00| 0 eng d
041 _aeng
080 _a34
100 _a13
101 _aSHJ
245 _aLABOR AND EMPLOYMENT LAW
_cRABIN.R.J
942 _2udc
_cBK
999 _c12534
_d12534